000 00540cas a2200157 4500
008 170504n eng u
020 _a9780340872581
035 _a(Sirsi) a202741
050 _aLB 3013 CLA 2013
100 _aClarke,Shirley
245 _aEnriching feedback in the primary classroom:
_b oral and written feedback from teachers and children/ by Shirley Clarke
260 _aLondon:
_b Hodder Education,
_c 2013
300 _aviii 146p.:
_b ill.;
_c 24 cm
504 _aIncludes bibliographical index
650 _aEducation
999 _c127401
_d127401